[Event "ODEM U25A 2012"]
[Site "Oberhof GER"]
[Date "2012.05.29"]
[Round "4"]
[White "Giraud, Valerian"]
[Black "Nötzel, Felix"]
[Result "0-1"]
[Termination "normal"]
[Board "2"]
[WhiteElo "1914"]
[BlackElo "2106"]
[PlyCount "68"]
[WhiteFideId "12920355"]
[BlackFideId "24637416"]
[EventCountry "GER"]
[EventRounds "9"]
[EventType "swiss"]
[EventDate "2012.05.26"]

1. d4 d5 2. Nf3 e6 3. c4 c6 4. g3 f5 5. Bg2 Nf6 6. O-O Bd6 7. b3 Qe7 8. Bb2 O-O
9. Qc2 Ne4 10. Nbd2 Nd7 11. Rac1 Rf6 12. Ne1 Rh6 13. Nd3 Qf7 14. Nf3 g5 15.
Rcd1 Qh5 16. Bc1 Ndf6 17. h4 f4 18. Nxg5 fxg3 19. Nxe4 dxe4 20. Bxh6 exd3 21.
Qxd3 Qxh4 22. fxg3 Qxh6 23. Qf3 Be7 24. e4 Qg7 25. e5 Ng4 26. Bh3 h5 27. Bxg4
hxg4 28. Qe4 Bg5 29. Kg2 Bd7 30. Qxg4 c5 31. d5 Re8 32. d6 Bc6+ 33. Kh2 Qh7+
34. Qh3 Qc2+ 0-1

[Event "ODEM U25A 2012"]
[Site "Oberhof GER"]
[Date "2012.05.29"]
[Round "4"]
[White "Pererva, Viktor"]
[Black "Figura, Atila Gajo"]
[Result "1/2-1/2"]
[Termination "normal"]
[Board "3"]
[BlackTitle "FM"]
[WhiteElo "1967"]
[BlackElo "2351"]
[PlyCount "82"]
[WhiteFideId "24696463"]
[BlackFideId "4688058"]
[EventCountry "GER"]
[EventRounds "9"]
[EventType "swiss"]
[EventDate "2012.05.26"]

1. e4 c5 2. Nf3 e6 3. d4 cxd4 4. Nxd4 a6 5. Nc3 Qc7 6. Bd3 Nf6 7. O-O Bc5 8.
Nb3 Be7 9. Be3 O-O 10. Kh1 b5 11. a3 Bb7 12. f4 d6 13. Qf3 Nbd7 14. Qh3 Rfe8
15. Rf3 g6 16. Rg3 Bf8 17. Rf1 Bg7 18. f5 exf5 19. exf5 Ne5 20. fxg6 hxg6 21.
Bh6 Nxd3 22. Rxd3 Nh5 23. Bxg7 Kxg7 24. Qg4 Re5 25. Nd4 Rae8 26. Nf3 Bxf3 27.
Rdxf3 f5 28. Qd4 Nf6 29. Rd3 d5 30. Rdd1 Rh8 31. h3 Qe7 32. Kg1 Rc8 33. Qf2 Qc5
34. Qxc5 Rxc5 35. Rd4 Ne4 36. Nxe4 Rxe4 37. Rd2 Kf6 38. c3 Ke6 39. Rfd1 Re5 40.
Kf2 Rc4 41. Rd4 Rc8 1/2-1/2

[Event "ODEM U25A 2012"]
[Site "Oberhof GER"]
[Date "2012.05.29"]
[Round "4"]
[White "Ott, Florian"]
[Black "Peters, Florian"]
[Result "1-0"]
[Termination "normal"]
[Board "4"]
[WhiteElo "1976"]
[BlackElo "1537"]
[PlyCount "115"]
[WhiteFideId "12900281"]
[BlackFideId "12952028"]
[EventCountry "GER"]
[EventRounds "9"]
[EventType "swiss"]
[EventDate "2012.05.26"]

1. d4 Nf6 2. c4 g6 3. Nc3 Bg7 4. e4 d6 5. Nf3 O-O 6. Be2 e5 7. O-O Nc6 8. d5
Ne7 9. Ne1 Nd7 10. Nd3 f5 11. Bd2 Nf6 12. f3 f4 13. c5 g5 14. Rc1 Ng6 15. Nb5
a6 16. cxd6 axb5 17. dxc7 Qd7 18. Bb4 Ne8 19. Bxf8 Bxf8 20. Qb3 Bd6 21. Rc2
Nxc7 22. Rfc1 Na6 23. Nf2 b4 24. Bxa6 bxa6 25. Nd3 a5 26. Nc5 Qe7 27. Kh1 Bd7
28. Nb7 Kg7 29. Nxd6 Qxd6 30. Rc7 Ne7 31. Qc4 Rc8 32. h3 Kf6 33. Qc5 Qxc7 34.
Qxc7 Rxc7 35. Rxc7 Bb5 36. Rc5 Bd3 37. Rxa5 Nc8 38. Ra4 Bb1 39. Ra6+ Kf7 40.
Kg1 Ke7 41. Re6+ Kd7 42. a4 Nd6 43. a5 Bd3 44. b3 h5 45. Rxe5 Nb7 46. d6 Kxd6
47. Rd5+ Kc6 48. Rxd3 Nxa5 49. e5 Nb7 50. e6 Nc5 51. e7 Nxd3 52. e8=Q+ Kc5 53.
Qc8+ Kd4 54. Qc4+ Ke3 55. Kf1 Kd2 56. Qd5 Kc3 57. Ke2 Kc2 58. Qxd3+ 1-0

[Event "ODEM U25A 2012"]
[Site "Oberhof GER"]
[Date "2012.05.29"]
[Round "4"]
[White "Baier, Christoph"]
[Black "Wurm, Alexander"]
[Result "1/2-1/2"]
[Termination "normal"]
[Board "5"]
[WhiteElo "1927"]
[BlackElo "2059"]
[PlyCount "41"]
[WhiteFideId "24655759"]
[BlackFideId "24637246"]
[EventCountry "GER"]
[EventRounds "9"]
[EventType "swiss"]
[EventDate "2012.05.26"]

1. d4 d5 2. c4 e6 3. Nc3 Nf6 4. Nf3 Nbd7 5. Bg5 Be7 6. e3 c6 7. Bd3 dxc4 8.
Bxc4 b5 9. Bd3 a6 10. O-O Bb7 11. Bxf6 Nxf6 12. Ne4 Qb6 13. Rc1 Nxe4 14. Bxe4
Rd8 15. Ne5 O-O 16. Bxc6 Bf6 17. Bxb7 Bxe5 18. Be4 Bb8 19. Rc6 Qa5 20. Qb1 f5
21. Bf3 1/2-1/2

[Event "ODEM U25A 2012"]
[Site "Oberhof GER"]
[Date "2012.05.29"]
[Round "4"]
[White "Torzinski, Nils"]
[Black "Kieslich, Aaron"]
[Result "1/2-1/2"]
[Termination "normal"]
[Board "6"]
[WhiteElo "1778"]
[BlackElo "1979"]
[PlyCount "122"]
[WhiteFideId "24695840"]
[BlackFideId "1270391"]
[EventCountry "GER"]
[EventRounds "9"]
[EventType "swiss"]
[EventDate "2012.05.26"]

1. e4 c5 2. Nc3 Nc6 3. f4 g6 4. Bc4 Bg7 5. Nf3 d6 6. O-O e6 7. d3 Nge7 8. Qe1
O-O 9. f5 d5 10. Bb3 d4 11. Ne2 exf5 12. Qh4 Qd6 13. Ng5 h6 14. Nxf7 Rxf7 15.
Bxf7+ Kxf7 16. Bxh6 Bf6 17. Bg5 Bxg5 18. Qxg5 Qf6 19. Qf4 Ne5 20. exf5 gxf5 21.
Ng3 Ng4 22. Ne4 Qg6 23. Nxc5 Ne3 24. Rf2 Qg4 25. Qxg4 Nxg4 26. Rf4 Ne3 27. Rc1
Nc6 28. Nb3 Nd5 29. Rh4 f4 30. g3 Bf5 31. gxf4 Rg8+ 32. Kh1 Bg4 33. Nd2 Nce7
34. Rg1 Ne3 35. h3 Be6 36. Rxg8 Kxg8 37. Rh6 Bd5+ 38. Kg1 Nxc2 39. Ne4 Bxa2 40.
Rd6 Nc6 41. Nc5 Na5 42. Rd8+ Kf7 43. Nxb7 Ke7 44. Rb8 Nc6 45. Rh8 N2b4 46. Rh6
Bd5 47. Nc5 a5 48. Kf2 Kf7 49. Kg3 Ne7 50. Kg4 Bg2 51. Kg5 Bf1 52. Rh7+ Ke8 53.
Kf6 Nbd5+ 54. Ke5 Bg2 55. Ne4 Bxe4 56. dxe4 d3 57. Rg7 d2 58. Rg1 Ne3 59. b3
d1=Q 60. Rxd1 Nxd1 61. Kd6 Nc3 1/2-1/2

[Event "ODEM U25A 2012"]
[Site "Oberhof GER"]
[Date "2012.05.29"]
[Round "4"]
[White "Holle, Cedric"]
[Black "Feldheim, Jonas"]
[Result "0-1"]
[Termination "normal"]
[Board "7"]
[WhiteElo "1840"]
[BlackElo "2005"]
[PlyCount "100"]
[WhiteFideId "24692158"]
[BlackFideId "24697583"]
[EventCountry "GER"]
[EventRounds "9"]
[EventType "swiss"]
[EventDate "2012.05.26"]

1. e4 c5 2. Nf3 g6 3. d4 cxd4 4. Nxd4 Bg7 5. c4 Nc6 6. Be3 Nf6 7. Nc3 O-O 8.
Be2 d6 9. O-O Nxd4 10. Bxd4 Bd7 11. f3 Bc6 12. Qd2 a5 13. b3 Nd7 14. Bxg7 Kxg7
15. Qd4+ f6 16. f4 b6 17. Bg4 Nc5 18. Rad1 Qb8 19. Rfe1 Qb7 20. e5 dxe5 21.
fxe5 Bxg2 22. exf6+ exf6 23. Nd5 Bxd5 24. cxd5 Rae8 25. d6 Re4 26. Rxe4 Qxe4
27. Qxe4 Nxe4 28. Bf3 Ng5 29. Bc6 Nf7 30. d7 Rd8 31. Bb5 Kf8 32. Rc1 Ne5 33.
Rc7 Ke7 34. Rb7 Nxd7 35. Kf2 Ke6 36. Ke3 g5 37. h4 h5 38. hxg5 fxg5 39. Be2 g4
40. Bb5 Nf6 41. Rxb6+ Kf5 42. Bd3+ Kg5 43. Rb5+ Rd5 44. a4 h4 45. Kf2 Kf4 46.
Rxd5 Nxd5 47. Bb5 h3 48. Kg1 Kg3 49. b4 Nxb4 50. Bc4 Nc2 0-1

[Event "ODEM U25A 2012"]
[Site "Oberhof GER"]
[Date "2012.05.29"]
[Round "4"]
[White "Adelhütte, Dennis"]
[Black "Lansky, Georg"]
[Result "1/2-1/2"]
[Termination "normal"]
[Board "8"]
[WhiteElo "1982"]
[BlackElo "1792"]
[PlyCount "87"]
[WhiteFideId "4661265"]
[BlackFideId "1270625"]
[EventCountry "GER"]
[EventRounds "9"]
[EventType "swiss"]
[EventDate "2012.05.26"]

1. Nf3 d5 2. g3 Nf6 3. Bg2 e6 4. d3 c5 5. O-O Nc6 6. Nbd2 Be7 7. e4 d4 8. a4 e5
9. Nc4 Bd6 10. c3 O-O 11. h3 Be6 12. Nxd6 Qxd6 13. c4 a5 14. Ne1 Nd7 15. g4 f6
16. f4 h6 17. f5 Bf7 18. h4 Rfe8 19. g5 hxg5 20. hxg5 Kf8 21. g6 Bg8 22. Nc2
Ke7 23. Na3 Kd8 24. Nb5 Qe7 25. Bd2 Ndb8 26. Qe1 b6 27. Ra3 Na6 28. Rb3 Nab4
29. Rf3 Na7 30. Qd1 Kd7 31. Ra3 Nxb5 32. axb5 Kd6 33. Qb3 Qc7 34. Rf1 Ra7 35.
Rfa1 Rea8 36. Bf3 Qd7 37. Ra4 Qc7 38. Rc1 Qc8 39. Bd1 Qc7 40. Bc2 Qc8 41. Bb1
Qc7 42. Ba2 Qc8 43. Ra1 Qc7 44. Bb1 1/2-1/2

[Event "ODEM U25A 2012"]
[Site "Oberhof GER"]
[Date "2012.05.29"]
[Round "4"]
[White "Linnemann, Niklas"]
[Black "Peters, Tom"]
[Result "1/2-1/2"]
[Termination "normal"]
[Board "9"]
[WhiteElo "1932"]
[BlackElo "1786"]
[PlyCount "115"]
[WhiteFideId "24695645"]
[BlackFideId "24694444"]
[EventCountry "GER"]
[EventRounds "9"]
[EventType "swiss"]
[EventDate "2012.05.26"]

1. e4 c5 2. Nf3 Nc6 3. d4 cxd4 4. Nxd4 g6 5. Nc3 Bg7 6. Be3 Nf6 7. Bc4 O-O 8.
Bb3 d6 9. f3 Bd7 10. Qd2 Nxd4 11. Bxd4 b5 12. Nd5 Nxd5 13. Bxg7 Kxg7 14. exd5
a5 15. a3 Qb6 16. O-O-O Rfc8 17. Rhe1 b4 18. axb4 a4 19. Ba2 a3 20. Qd4+ Qxd4
21. Rxd4 Bf5 22. c3 Rc7 23. g4 Rca7 24. Bb3 a2 25. Bxa2 Rxa2 26. gxf5 Ra1+ 27.
Kd2 Rxe1 28. Kxe1 gxf5 29. b5 Rb8 30. Rb4 e5 31. Kd2 Kf6 32. Kd3 f4 33. b6 Kg5
34. Kc4 f5 35. Kb5 e4 36. h4+ Kxh4 37. fxe4 fxe4 38. Rxe4 Kg3 39. Re6 f3 40.
Rxd6 Rf8 41. b7 f2 42. Rf6 Rxf6 43. b8=Q+ Kf3 44. Qe5 f1=Q+ 45. c4 Rf4 46. b3
Qd3 47. Qh5+ Kg3 48. Qg5+ Rg4 49. Qe5+ Kh3 50. Kb4 Rg3 51. Kc5 Qxb3 52. Qh5+
Kg2 53. Qe2+ Kh1 54. Qe4+ Qf3 55. Qxh7+ Rh3 56. Qb1+ Kg2 57. Qb2+ Kh1 58. Qc1+
1/2-1/2

[Event "ODEM U25A 2012"]
[Site "Oberhof GER"]
[Date "2012.05.29"]
[Round "4"]
[White "Reimers, Juri"]
[Black "Münch, Robert"]
[Result "0-1"]
[Termination "normal"]
[Board "10"]
[WhiteElo "1729"]
[BlackElo "1953"]
[PlyCount "50"]
[WhiteFideId "24661511"]
[BlackFideId "4626028"]
[EventCountry "GER"]
[EventRounds "9"]
[EventType "swiss"]
[EventDate "2012.05.26"]

1. c4 e5 2. g3 Nc6 3. Bg2 f5 4. d3 Nf6 5. Nc3 d6 6. Bd2 g6 7. e3 Bg7 8. Nge2
O-O 9. O-O Be6 10. Rb1 Qd7 11. b4 d5 12. cxd5 Nxd5 13. Na4 b6 14. Qc2 Nce7 15.
Rfd1 Rac8 16. Rbc1 Qe8 17. Be1 Bh6 18. Bd2 Bg7 19. a3 Qf7 20. Nb2 f4 21. exf4
exf4 22. f3 Nf5 23. Nc4 b5 24. g4 Nd4 25. Nxd4 Bxd4+ 0-1

[Event "ODEM U25A 2012"]
[Site "Oberhof GER"]
[Date "2012.05.29"]
[Round "4"]
[White "Humburg, Philipp"]
[Black "Usczeck, Lukas"]
[Result "1-0"]
[Termination "normal"]
[Board "11"]
[WhiteElo "1840"]
[BlackElo "1766"]
[PlyCount "35"]
[WhiteFideId "24656151"]
[BlackFideId "12937827"]
[EventCountry "GER"]
[EventRounds "9"]
[EventType "swiss"]
[EventDate "2012.05.26"]

1. e4 c5 2. Nf3 e6 3. d4 cxd4 4. Nxd4 a6 5. Bd3 Qc7 6. O-O Nf6 7. Be3 Be7 8.
Nc3 O-O 9. f4 d6 10. g4 b5 11. g5 Ne8 12. Qh5 f6 13. g6 h6 14. f5 e5 15. Nd5
Qb7 16. Nb3 Bd8 17. a4 Bd7 18. Na5 1-0

[Event "ODEM U25A 2012"]
[Site "Oberhof GER"]
[Date "2012.05.29"]
[Round "4"]
[White "Celmer, Ole"]
[Black "Grötzbach, Daniel"]
[Result "1/2-1/2"]
[Termination "normal"]
[Board "12"]
[WhiteElo "1834"]
[BlackElo "1896"]
[PlyCount "52"]
[WhiteFideId "24657107"]
[BlackFideId "24692166"]
[EventCountry "GER"]
[EventRounds "9"]
[EventType "swiss"]
[EventDate "2012.05.26"]

1. e4 c5 2. Nf3 d6 3. d4 cxd4 4. Nxd4 Nf6 5. Nc3 a6 6. Be2 e5 7. Nb3 Be7 8. O-O
O-O 9. Be3 Be6 10. f3 Qc7 11. Qe1 Nbd7 12. Rd1 b5 13. a3 Nb6 14. Qf2 Rab8 15.
Bxb6 Rxb6 16. Kh1 Rfb8 17. Na5 Rc8 18. Rd2 b4 19. axb4 Rxb4 20. Nb3 a5 21. Nb5
Qb8 22. Nxa5 Rxb5 23. Bxb5 Qxb5 24. Nb3 Nd7 25. Ra1 Nb6 26. Ra7 Bg5 1/2-1/2

[Event "ODEM U25A 2012"]
[Site "Oberhof GER"]
[Date "2012.05.29"]
[Round "4"]
[White "Schirra, Felix"]
[Black "Berger, Manuel"]
[Result "1-0"]
[Termination "normal"]
[Board "13"]
[WhiteElo "1636"]
[BlackElo "1888"]
[PlyCount "75"]
[WhiteFideId "24692662"]
[BlackFideId "24692506"]
[EventCountry "GER"]
[EventRounds "9"]
[EventType "swiss"]
[EventDate "2012.05.26"]

1. e4 c5 2. Nf3 d6 3. d4 cxd4 4. Nxd4 Nf6 5. Nc3 a6 6. g3 e6 7. Bg2 Nbd7 8. O-O
Be7 9. Kh1 Qc7 10. f4 h5 11. h3 Rb8 12. a4 b6 13. Qe2 Bb7 14. Nf3 Nc5 15. Ng5
Nfd7 16. b4 Nb3 17. cxb3 Qxc3 18. Bb2 Qxg3 19. Rf3 Qh4 20. Bc3 Bf6 21. Be1 Qg4
22. Rd1 Bxg5 23. hxg4 hxg4+ 24. Kg1 gxf3 25. Qxf3 Be7 26. Rc1 Bf6 27. Qd3 Ke7
28. Rd1 d5 29. exd5 exd5 30. Bxd5 Bxd5 31. Qxd5 Rhd8 32. Qe4+ Kf8 33. Bf2 g6
34. Bg3 Rbc8 35. f5 Kg7 36. fxg6 fxg6 37. Qb7 Rb8 38. Rxd7+ 1-0

[Event "ODEM U25A 2012"]
[Site "Oberhof GER"]
[Date "2012.05.29"]
[Round "4"]
[White "Gubela, Hans-Erich Constantin"]
[Black "Diller, Daniel"]
[Result "0-1"]
[Termination "normal"]
[Board "14"]
[WhiteElo "1740"]
[BlackElo "1809"]
[PlyCount "74"]
[WhiteFideId "24692140"]
[BlackFideId "12908983"]
[EventCountry "GER"]
[EventRounds "9"]
[EventType "swiss"]
[EventDate "2012.05.26"]

1. e4 e6 2. d4 d5 3. Nd2 Nf6 4. Bd3 c5 5. e5 Nfd7 6. c3 Nc6 7. Ngf3 Be7 8. O-O
Qb6 9. a3 cxd4 10. cxd4 g5 11. Nb3 g4 12. Ne1 Nxd4 13. Nxd4 Qxd4 14. Nc2 Qxe5
15. Qxg4 h5 16. Qa4 Rg8 17. Bf4 Qg7 18. Ne1 e5 19. Bd2 e4 20. Bb5 Bd6 21. Rc1
f5 22. Bg5 Qf7 23. h4 a6 24. Rc3 Rb8 25. Be2 Be5 26. Rc5 Kf8 27. Bh6+ Bg7 28.
Bxg7+ Rxg7 29. Rc7 f4 30. Qc2 Qe8 31. Bxh5 Qxh5 32. Rxc8+ Rxc8 33. Qxc8+ Ke7
34. Qc3 Rg6 35. Qh3 Rg4 36. g3 e3 37. Ng2 exf2+ 0-1

[Event "ODEM U25A 2012"]
[Site "Oberhof GER"]
[Date "2012.05.29"]
[Round "4"]
[White "Höpfner, Tim"]
[Black "Myagkov, Kirill"]
[Result "1-0"]
[Termination "normal"]
[Board "15"]
[WhiteElo "1942"]
[BlackElo "1861"]
[PlyCount "95"]
[WhiteFideId "4638310"]
[BlackFideId "24657042"]
[EventCountry "GER"]
[EventRounds "9"]
[EventType "swiss"]
[EventDate "2012.05.26"]

1. d4 e6 2. c4 Nf6 3. g3 Bb4+ 4. Bd2 Bxd2+ 5. Nxd2 Nc6 6. Ngf3 b6 7. Bg2 Bb7 8.
O-O O-O 9. Qc2 d5 10. Rfd1 Qe7 11. a3 Rad8 12. Rac1 Rfe8 13. e3 a5 14. Ng5 h6
15. cxd5 exd5 16. Nh3 g5 17. Bf1 Qe6 18. Kg2 Rd6 19. Bd3 Bc8 20. Ng1 h5 21.
Ngf3 Qg4 22. Bb5 Bd7 23. Qa4 Ree6 24. Qb3 Ne4 25. Bxc6 Nxd2 26. Rxd2 Bxc6 27.
Qd3 h4 28. h3 Qh5 29. g4 Qh6 30. Rdc2 Qf6 31. Ne5 Kg7 32. Qf5 Bd7 33. Qxf6+
Kxf6 34. Rxc7 Ke7 35. f4 f6 36. f5 fxe5 37. fxe6 Kxe6 38. Rf1 exd4 39. exd4 Ke7
40. Rf5 Kd8 41. Rxd7+ Kxd7 42. Rxg5 Rc6 43. Rxd5+ Kc7 44. Rf5 Kd6 45. g5 Rc4
46. Rf4 Rc2+ 47. Rf2 Rc4 48. g6 1-0

[Event "ODEM U25A 2012"]
[Site "Oberhof GER"]
[Date "2012.05.29"]
[Round "4"]
[White "Valet, Alexander"]
[Black "Thumm, Felix"]
[Result "1-0"]
[Termination "normal"]
[Board "16"]
[WhiteElo "1910"]
[BlackElo "1738"]
[PlyCount "63"]
[WhiteFideId "24682560"]
[BlackFideId "12902209"]
[EventCountry "GER"]
[EventRounds "9"]
[EventType "swiss"]
[EventDate "2012.05.26"]

1. b3 c5 2. e3 e6 3. Nf3 a6 4. c4 d6 5. Bb2 Nf6 6. d4 b6 7. Nbd2 Bb7 8. Bd3 g6
9. dxc5 bxc5 10. Ne4 e5 11. Qc2 Nc6 12. Bc3 Bg7 13. Rd1 Ne7 14. Nxf6+ Bxf6 15.
Be4 Bxe4 16. Qxe4 Qb8 17. O-O Bg7 18. Qd3 e4 19. Qc2 exf3 20. Bxg7 fxg2 21.
Kxg2 Rg8 22. Bf6 Qb7+ 23. e4 Rd8 24. Qd3 Rd7 25. Rd2 Qc6 26. Rfd1 Nc8 27. Qd5
Qc7 28. e5 Nb6 29. exd6 Qc8 30. Qe5+ Kf8 31. Qe7+ Rxe7 32. dxe7+ 1-0

[Event "ODEM U25A 2012"]
[Site "Oberhof GER"]
[Date "2012.05.29"]
[Round "4"]
[White "Bieg, Pascal"]
[Black "Kast, Joannis"]
[Result "0-1"]
[Termination "normal"]
[Board "17"]
[WhiteElo "1776"]
[BlackElo "1758"]
[PlyCount "28"]
[WhiteFideId "12915645"]
[BlackFideId "24698776"]
[EventCountry "GER"]
[EventRounds "9"]
[EventType "swiss"]
[EventDate "2012.05.26"]

1. d4 d5 2. c4 e6 3. Nc3 c5 4. cxd5 cxd4 5. Qxd4 Nc6 6. Qd1 exd5 7. Qxd5 Bd7 8.
Bf4 Nf6 9. Qd2 Bc5 10. e3 Qe7 11. Bb5 O-O-O 12. Nf3 Nb4 13. Bd3 Be6 14. O-O-O
Nxd3+ 0-1

[Event "ODEM U25A 2012"]
[Site "Oberhof GER"]
[Date "2012.05.29"]
[Round "4"]
[White "Hoffmann, Tim"]
[Black "Vergin, Marcel"]
[Result "1-0"]
[Termination "normal"]
[Board "19"]
[WhiteElo "1945"]
[BlackElo "1565"]
[PlyCount "103"]
[WhiteFideId "12900338"]
[EventCountry "GER"]
[EventRounds "9"]
[EventType "swiss"]
[EventDate "2012.05.26"]

1. e4 c5 2. Nf3 e6 3. d4 cxd4 4. Nxd4 a6 5. Nc3 Qc7 6. Bd3 Nc6 7. Be3 Nf6 8.
O-O Be7 9. Re1 O-O 10. f3 Rd8 11. Qe2 d5 12. exd5 Nxd5 13. Nxd5 Rxd5 14. Nxc6
bxc6 15. Qf2 Rb8 16. b3 c5 17. g3 Rd8 18. Rad1 Bb7 19. Qe2 a5 20. a4 Bd6 21.
Bf2 Bd5 22. Bc4 Bxc4 23. Qxc4 Rb4 24. Qc3 c4 25. Qe3 cxb3 26. cxb3 Qb8 27. Rd3
Be7 28. Red1 h6 29. Be1 Rxd3 30. Rxd3 Qb6 31. Bxb4 Qxe3+ 32. Rxe3 Bxb4 33. Kf1
Kf8 34. Re4 Ke7 35. Ke2 Kd6 36. Kd3 f5 37. Rxb4 axb4 38. Kc4 g5 39. Kxb4 e5 40.
Kc4 Kc6 41. a5 Kb7 42. Kd3 h5 43. Ke2 g4 44. b4 Ka6 45. Kf2 Kb5 46. Kg2 gxf3+
47. Kxf3 e4+ 48. Ke3 Kc6 49. a6 Kb6 50. b5 Ka7 51. h3 Kb6 52. g4 1-0

[Event "ODEM U25A 2012"]
[Site "Oberhof GER"]
[Date "2012.05.29"]
[Round "4"]
[White "Mann, Johannes"]
[Black "Wastian, Jan"]
[Result "1-0"]
[Termination "normal"]
[Board "20"]
[WhiteElo "1859"]
[BlackElo "1627"]
[PlyCount "35"]
[WhiteFideId "24691380"]
[BlackFideId "12911640"]
[EventCountry "GER"]
[EventRounds "9"]
[EventType "swiss"]
[EventDate "2012.05.26"]

1. e4 c6 2. d4 d5 3. Nc3 dxe4 4. Nxe4 Nd7 5. Ng5 Ngf6 6. Bd3 e6 7. Qe2 h6 8.
Nxe6 fxe6 9. Bg6+ Ke7 10. Nf3 Nb6 11. O-O Qd5 12. b3 Kd8 13. c4 Qd7 14. Ne5 Qc7
15. Nf7+ Kd7 16. Re1 Ke7 17. Ba3+ Ke8 18. Nxh8+ 1-0

[Event "ODEM U25A 2012"]
[Site "Oberhof GER"]
[Date "2012.05.29"]
[Round "4"]
[White "Walther, Felix"]
[Black "Scheinhütte, Jakob"]
[Result "1/2-1/2"]
[Termination "normal"]
[Board "21"]
[WhiteElo "1586"]
[BlackElo "1661"]
[PlyCount "57"]
[BlackFideId "24693944"]
[EventCountry "GER"]
[EventRounds "9"]
[EventType "swiss"]
[EventDate "2012.05.26"]

1. e4 e6 2. d4 d5 3. Nd2 a6 4. Ngf3 c5 5. exd5 exd5 6. dxc5 Bxc5 7. Nb3 Bb6 8.
Bg5 Nf6 9. Qe2+ Be6 10. Nbd4 Qe7 11. Nxe6 fxe6 12. O-O-O Nc6 13. g3 O-O 14. Bh3
e5 15. Rxd5 e4 16. Rd7 Qb4 17. Bxf6 Rxf6 18. Ng5 Rxf2 19. Be6+ Kh8 20. Qxe4
Qxe4 21. Nxe4 Re2 22. Ng5 Be3+ 23. Kd1 Bxg5 24. Kxe2 Re8 25. Rd6 Nd8 26. Kd1
Rxe6 27. Rxe6 Nxe6 28. Re1 Nc7 29. c4 1/2-1/2

[Event "ODEM U25A 2012"]
[Site "Oberhof GER"]
[Date "2012.05.29"]
[Round "4"]
[White "Theurich, Joel"]
[Black "Kirn, Niklas Johann"]
[Result "1-0"]
[Termination "normal"]
[Board "22"]
[WhiteElo "1792"]
[BlackElo "1687"]
[PlyCount "147"]
[WhiteFideId "12930393"]
[BlackFideId "12910899"]
[EventCountry "GER"]
[EventRounds "9"]
[EventType "swiss"]
[EventDate "2012.05.26"]

1. e4 d5 2. exd5 Nf6 3. Nc3 Nxd5 4. Bc4 Nb6 5. Bb3 Nc6 6. d3 Nd4 7. Be3 Nxb3 8.
axb3 Nd5 9. Qd2 Nxe3 10. Qxe3 a6 11. Qg3 Qd6 12. Nge2 Qxg3 13. Nxg3 e6 14. O-O
Bd7 15. Rfe1 Bb4 16. Nge4 O-O 17. Re3 h6 18. Ng3 Bc5 19. Ree1 Bd4 20. Nd1 Bc6
21. Ne4 Rad8 22. Ndc3 Rfe8 23. Rab1 Rd7 24. h3 Red8 25. Kf1 Kf8 26. Nd2 b5 27.
Nde4 f5 28. Ng3 Kf7 29. Na2 Bc5 30. Nc3 g6 31. Nge2 Kf6 32. Ng1 g5 33. Nf3 Bxf3
34. gxf3 Rd4 35. Re2 R4d6 36. Kg2 h5 37. Rbe1 Bb4 38. Ra1 Bxc3 39. bxc3 Rc6 40.
c4 b4 41. Ra4 Rb8 42. Re1 Rbb6 43. Rea1 Ke5 44. Kf1 Kd4 45. Ke2 Kc3 46. Kd1 Kd4
47. Kd2 Rd6 48. Ra5 Rdc6 49. R5a4 Rc5 50. Rxa6 Rxa6 51. Rxa6 Re5 52. Ra7 c6 53.
Rd7+ Rd5 54. cxd5 exd5 55. Rg7 g4 56. fxg4 hxg4 57. hxg4 f4 58. Re7 c5 59. g5
c4 60. bxc4 dxc4 61. Re4+ Kd5 62. Rxc4 Ke6 63. Rxf4 Ke7 64. Rf6 b3 65. cxb3 Ke8
66. Kc3 Ke7 67. Kd4 Ke8 68. Kd5 Ke7 69. Ke5 Kd7 70. g6 Ke7 71. g7 Kd7 72. g8=Q
Kc7 73. Qg7+ Kd8 74. Rf8# 1-0

[Event "ODEM U25A 2012"]
[Site "Oberhof GER"]
[Date "2012.05.29"]
[Round "4"]
[White "Blumenthal, Clemens"]
[Black "Hartmann, Jakob"]
[Result "0-1"]
[Termination "normal"]
[Board "23"]
[WhiteElo "1435"]
[BlackElo "1710"]
[PlyCount "38"]
[WhiteFideId "12938050"]
[BlackFideId "12918067"]
[EventCountry "GER"]
[EventRounds "9"]
[EventType "swiss"]
[EventDate "2012.05.26"]

1. e4 d5 2. exd5 Qxd5 3. Nc3 Qd6 4. d4 Nf6 5. Nf3 a6 6. g3 b5 7. Bg2 Bb7 8. Bf4
Qb6 9. O-O e6 10. a3 Bd6 11. Be5 Nbd7 12. Re1 O-O 13. Qe2 Rfe8 14. Rad1 Rad8
15. h3 Nd5 16. Ne4 f6 17. Bxd6 cxd6 18. h4 e5 19. Qd3 f5 0-1

[Event "ODEM U25A 2012"]
[Site "Oberhof GER"]
[Date "2012.05.29"]
[Round "4"]
[White "Becker, Dirk"]
[Black "Kitze, Lukas"]
[Result "1-0"]
[Termination "normal"]
[Board "24"]
[WhiteElo "1720"]
[BlackElo "1513"]
[PlyCount "69"]
[WhiteFideId "12938564"]
[BlackFideId "12932159"]
[EventCountry "GER"]
[EventRounds "9"]
[EventType "swiss"]
[EventDate "2012.05.26"]

1. e4 c5 2. Nf3 d6 3. d4 cxd4 4. Nxd4 Nf6 5. f3 g6 6. c4 Bg7 7. Be3 Nc6 8. Nc3
O-O 9. Qd2 Bd7 10. Be2 a6 11. O-O Nxd4 12. Bxd4 Rb8 13. a4 Qc7 14. a5 Be6 15.
b3 Rfc8 16. f4 Ne8 17. f5 Bxd4+ 18. Qxd4 Bd7 19. fxg6 hxg6 20. Nd5 Qd8 21. Rf2
Be6 22. Nf4 Ng7 23. h4 Kh7 24. Nxe6 fxe6 25. Rf7 e5 26. Qd5 Qd7 27. Raf1 Rc5
28. Qd2 Qe8 29. Qg5 Qh8 30. h5 gxh5 31. Bxh5 Rcc8 32. Bg6+ Kg8 33. Rxe7 Rf8 34.
Bf7+ Rxf7 35. Rfxf7 1-0

[Event "ODEM U25A 2012"]
[Site "Oberhof GER"]
[Date "2012.05.29"]
[Round "4"]
[White "Dietrich, Franz"]
[Black "Bosse, Lea"]
[Result "1/2-1/2"]
[Termination "normal"]
[Board "25"]
[WhiteElo "1571"]
[BlackElo "1631"]
[PlyCount "115"]
[WhiteFideId "1270312"]
[BlackFideId "12900419"]
[EventCountry "GER"]
[EventRounds "9"]
[EventType "swiss"]
[EventDate "2012.05.26"]

1. e4 e6 2. Qe2 Ne7 3. Nf3 d5 4. exd5 Nxd5 5. g3 b6 6. Bg2 Bb7 7. O-O Bd6 8. d3
O-O 9. Nbd2 Nd7 10. Ne4 N7f6 11. Nxd6 cxd6 12. Re1 Qc7 13. c4 Ne7 14. b3 d5 15.
Bb2 dxc4 16. dxc4 Ne4 17. Ne5 Nc5 18. Bxb7 Qxb7 19. Rad1 Nc6 20. Nxc6 Qxc6 21.
Qe5 f6 22. Qd6 Qxd6 23. Rxd6 Rad8 24. Red1 Nb7 25. Rxd8 Rxd8 26. Rxd8+ Nxd8 27.
f4 Nc6 28. Bc3 e5 29. fxe5 Nxe5 30. Bxe5 fxe5 31. Kf2 Kf7 32. Ke3 Ke6 33. Ke4
h5 34. h4 a5 35. a3 g6 36. b4 Kd6 37. c5+ bxc5 38. bxc5+ Kxc5 39. Kxe5 a4 40.
Kf6 Kc4 41. Kxg6 Kb3 42. Kxh5 Kxa3 43. g4 Kb3 44. g5 a3 45. g6 a2 46. g7 a1=Q
47. g8=Q+ Kc2 48. Qc4+ Kd2 49. Qf4+ Kd3 50. Qf3+ Kc4 51. Qe4+ Kc5 52. Kg5 Qg7+
53. Qg6 Qe7+ 54. Qf6 Qe3+ 55. Kg6 Qe8+ 56. Kg7 Qd7+ 57. Kg6 Qe8+ 58. Kg7
1/2-1/2